|
|
|
|
| LEADER |
00000naa0a2200000 4500 |
| 001 |
651054 |
| 005 |
20251201140312.0 |
| 035 |
|
|
|a (RuTPU)RU\TPU\network\16303
|
| 090 |
|
|
|a 651054
|
| 100 |
|
|
|a 20161031d2016 k y0engy50 ba
|
| 101 |
0 |
|
|a eng
|
| 102 |
|
|
|a RU
|
| 135 |
|
|
|a drcn ---uucaa
|
| 181 |
|
0 |
|a i
|
| 182 |
|
0 |
|a b
|
| 200 |
1 |
|
|a New oxidizing reagents based on iodobenzenesulfonic acid
|f I. A. Mironova [et al.]
|
| 203 |
|
|
|a Text
|c electronic
|
| 300 |
|
|
|a Title screen
|
| 320 |
|
|
|a [References: p. 211 (5 tit.)]
|
| 463 |
|
|
|t Dombay Organic Conference Cluster, DOCC-2016
|o book of abstracts International Conference “Modern Trends in Organic Chemistry”, 9th Eurasian Meeting on Heterocyclic Chemistry, Conference for young organic chemists, 29 May- 04 June 2016, Dombay, Russia
|v [P. 211]
|d 2016
|
| 610 |
1 |
|
|a электронный ресурс
|
| 610 |
1 |
|
|a труды учёных ТПУ
|
| 701 |
|
1 |
|a Mironova
|b I. A.
|c chemist
|c engineer of Tomsk Polytechnic University
|f 1993-
|g Irina Andreevna
|3 (RuTPU)RU\TPU\pers\37474
|9 20361
|
| 701 |
|
1 |
|a Yusubova
|b R. Ya.
|c chemist
|c Associate Professor of Tomsk Polytechnic University, candidate of chemical sciences
|f 1964-
|g Roza Yavidovna
|3 (RuTPU)RU\TPU\pers\35462
|9 18659
|
| 701 |
|
1 |
|a Zhdankin
|b V. V.
|c химик
|c Professor of Tomsk Polytechnic University, Doctor of chemical sciences
|f 1956-
|g Viktor Vladimirovich
|3 (RuTPU)RU\TPU\pers\35758
|
| 701 |
|
1 |
|a Yusubov
|b M. S.
|c chemist
|c Professor of Tomsk Polytechnic University, Doctor of chemical sciences
|f 1961-
|g Mekhman Suleiman-Ogly (Suleimanovich)
|3 (RuTPU)RU\TPU\pers\31833
|
| 712 |
0 |
2 |
|a Национальный исследовательский Томский политехнический университет (ТПУ)
|b Институт физики высоких технологий (ИФВТ)
|b Кафедра биотехнологии и органической химии (БИОХ)
|3 (RuTPU)RU\TPU\col\18693
|
| 712 |
0 |
2 |
|a Национальный исследовательский Томский политехнический университет (ТПУ)
|b Институт природных ресурсов (ИПР)
|b Кафедра технологии органических веществ и полимерных материалов (ТОВПМ)
|3 (RuTPU)RU\TPU\col\18659
|
| 801 |
|
1 |
|a RU
|b 63413507
|c 20141010
|
| 801 |
|
2 |
|a RU
|b 63413507
|c 20161031
|g RCR
|
| 856 |
4 |
|
|u http://cs.hetchem.ru/-/vR4DWROQQqn1V1dG6nFw-g/sv/document/54/b1/ed/293596/517/abstr.pdf?1467465120#page=211
|
| 942 |
|
|
|c CF
|